| 000 | 00845nam a2200193Ia 4500 | ||
|---|---|---|---|
| 003 | GCL | ||
| 005 | 20240530105924.0 | ||
| 008 | 140319s9999 xx 000 0 ara d | ||
| 040 |
_aGCL / _cGCL |
||
| 082 | 0 | 4 |
_a327.73056 _bم ص |
| 110 | 0 | _aمركز دراسات الوحدة العربية | |
| 245 | 1 | 0 |
_aصناعة الكراهية فى العلاقات العربية الامريكية / _cمركز دراسات الوحدة العربية |
| 260 |
_aبيروت : _bمركز دراسات الوحدة العربية ، _c2003 |
||
| 300 |
_a406 ص ؛ _c24 سم |
||
| 650 | 0 | 4 | _aالبلدان العربية - العلاقات الخارجية |
| 650 | 0 | 4 | _aالعالم العربى - الاحوال السياسية |
| 650 | 0 | 4 | _aالولايات المتحدة الامريكية - السياسة الخارجية |
| 942 |
_2ddc _cBK |
||
| 999 |
_c57611 _d57611 |
||